000 00614nam a2200181 i 4500
001 75961
003 ES-MaACL
005 20230906172654.0
007 t|
008 040928s1971 sp ||||1| spa d
100 1 _aGray, Harry B.
_959797
245 1 0 _aPrincipios básicos de Química
_b: guía para el profesor /
_cHarry B. Gray, Gilbert P. Haight ; [traducida por Juan Mª Salietti Vinué].
260 _aBarcelona :
_bReverté,
_c1971.
300 _aIX p., 276 p. ;
_c22 cm.
700 1 _aHaight, Gilbert P.
_961487
700 1 _aSalietti Vinué, Juan María.
_9101923
852 _aES-MaACL
_jC-45605
_bR.77912
999 _c75961
_d75961